000 02337nam a2200373 i 4500
001 nkc20263743764
003 CZ PrSKC
005 20260415092056.0
007 ta
008 260312s2026 xr g 000 f cze
020 _a9788028409289
040 _aABG001
_bcze
_erda
041 1 _acze
_heng
072 7 _a821.111(73)-3
_xAmerická próza
_2Konspekt
080 _a821.111(73)-31
_2MRF
080 _a(0:82-312.9)
_2MRF
100 1 _aDurst, Sarah Beth
_4aut
_914049
240 1 0 _aEnchanted greenhouse.
_lČesky
245 1 0 _aZačarovaný skleník /
_cSarah Beth Durst ; přeložila Jitka Čupová
250 _aVydání první
264 1 _aPraha :
_bEuromedia Group,
_c2026
300 _a420 stran ;
_c20 cm
500 _aPřeloženo z angličtiny
500 _aNa obálce uvedeno nakladatelství: Laser
520 2 _aRomán plný kouzel, odpuštění a lásky vás opět zve do světa z románu Krámek s kouzly. Příběh se tentokrát odehrává na vzdáleném ostrově plném zpívajících květin, dávných tajemství a vůně medových koláčků.
_bKnihovnice Terla Perna porušila zákon, když si v osamělosti pomocí kouzla stvořila přítele - inteligentní rostlinu. Za trest byla proměněna v dřevěnou sochu a pro výstrahu umístěna v severní čítárně alysijské Říšské knihovny. Tím mohl její příběh skončit, avšak jednoho dne se vyhladovělá a promrzlá probudí v zasněžené krajině takřka opuštěného ostrůvku se stovkami kouzelných skleníků. Jediným obyvatelem ostrova je nerudný zahradník Florián, který jí kupodivu nabídne čisté šaty, koláče a nocleh - alespoň na pár dní, než připluje loď, která by ji vzala domů. Terla se však k návratu nemá a svým způsobem roztomilý zahradník jí pomalu přirůstá k srdci stejně jako celý ostrov. Když zjistí, že kouzla udržující skleníky v chodu, jedno po druhém selhávají a vzácné rostliny hynou, rozhodne se zkusit je zachránit, i kdyby to znamenalo opět porušit zákon... Nakladatelská anotace. Kráceno.
655 7 _aamerické romány
655 7 _afantasy romány
655 9 _aAmerican fiction
655 9 _afantasy novels
700 1 _aČupová, Jitka,
_d1975-
_4trl
_919008
710 2 _aLaser (nakladatelství)
_4pbl
_920647
910 _aABG508
999 _c34167
_d34167